000 00266nam a2200097Ia 4500
005 20251222114354.0
008 251222s1900||||xx |||||||||||||| ||spa||
082 _aDVD191.3/G84/1999
245 0 _aGran Final: 1er concurso nacional de jóvenes emprendedores:
942 _cDVD
999 _c1359
_d1359